Пролет на улица "Черешова" (Запис номер 508237)
[ съкратено ]
| 000 -Лидер | |
|---|---|
| Лидер | 01382nam a2200277 a 4500 |
| 003 - Код на организацията, давaща контролен номер | |
| Код на организацията, даваща контролен номер | BLK |
| 005 - Дата и час на последна редакция | |
| Дата и час на последна редакция | 20250726122035.0 |
| 008 - Елементи от данни с фиксирана дължина | |
| Елементи с фиксирана дължина | 240804b bu a||||||||| 00| 0 bu d |
| 020 ## - Международен стандартен номер на книга ISBN | |
| ISBN | 9786190212423 |
| 040 ## - Източник на каталожния запис | |
| Код на библиотеката | BLK |
| 041 ## - Код за език | |
| Език | Български |
| Език за КДБФ | Български |
| 080 ## - УДК | |
| УДК текст | Немска литература |
| УДК код | 821.112.2 |
| УДК – определител | -93-34 |
| УДК – код + определител | 821.112.2-93-34 |
| 080 ## - УДК | |
| УДК текст | Издания за деца и юноши. Книжки-картинки. Читанки. Вж и 372.4 |
| УДК код | 087.5 |
| 9 (RLIN) | 231478 |
| УДК – определител | 087.5 |
| 084 ## - Класификационен индекс по друга класификация | |
| Авторски знак | Берн - Б 39 |
| 100 ## - Редна дума - Автор | |
| Автор | Бернер, Ротраут Зузане |
| R(LIN) | 1299 |
| 245 ## - Сведения за заглавието | |
| Заглавие | Пролет на улица "Черешова" |
| Авторска отговорност | Ротраут Сузане Бернер |
| 260 ## - Област на издателските данни | |
| 9 (RLIN) | 209486 |
| Място на издаване | София |
| Име на издателя | Колибри |
| Година на издаване | 2023 |
| Печатница | Германия |
| 300 ## - Физическа характеристика | |
| Брой страници | 14 с. |
| Илюстрации | с цв. ил. |
| Размер | 33 см |
| 380 ## - Жанр | |
| Жанр | Детска худож. лит. |
| 500 ## - Общи забележки | |
| Обща забележка | Кор. опис.<br/>Ориг. загл.: Frühlings-Wimmelbuch / Rotraut Susanne Berner<br/>Възприетата форма на името на авт. Ротраут Сузане Бернер е Ротраут Зузане Бернер<br/>Кн. отпеч. на ламиниран картон |
| 852 ## - Местоположение | |
| Сигнатура (форматна) | Цб ІІ 32832 |
| Отдел | Хранилище |
| 942 ## - АРТИКУЛИ | |
| Вид на библиотечния документ | Книги |
| Скрит в OPAC | Не |
| Koha issues (borrowed), all copies | 18 |
| 944 ## - СЪЗДАВАНЕ И РЕДАКЦИЯ на ЗАПИСА | |
| Дата на регистрацията/редакция | Иваничка Йорданова |
| Служител, извършил регистрацията/редакцията | 30570 |
| Номер на служител | Моника Янева |
| 944 ## - СЪЗДАВАНЕ И РЕДАКЦИЯ на ЗАПИСА | |
| Дата на регистрацията/редакция | 2024-06-18 |
| Служител, извършил регистрацията/редакцията | М.Я. |
| Създаване/Редакция | Редакция |
| 999 ## - СИСТЕМНИ КОНТРОЛНИ НОМЕРА | |
| Koha biblionumber | 508237 |
| Koha biblioitemnumber | 508237 |
| Код за отписване | Код за изгубен артикул | Източник на класификационната схема | Код за повреда | Код за отдаване | Артикулен № | Име на библиотеката - собственик | Име на библиотеката, в която се намира в момента | Статус (Текущо местоположение) | Дата на вписване в системата | Местоположение - отдел | Цена в лева | Инвентарен номер | Систематично азбучна сигнатура | Баркод | Цена в евро | Служебен тип на артикула | Коз за рестрикции |
|---|---|---|---|---|---|---|---|---|---|---|---|---|---|---|---|---|---|
| Не е изгубен | Universal Decimal Classification | Не е повреден | заемане за дома | 942179 | Регионална библиотека "Любен Каравелов" Русе | Регионална библиотека "Любен Каравелов" Русе | Детски отдел | 2024-04-09 | Детски отдел | 14.30 | 120000901207 | 821-93/Б 39 Р | 120000901207 | 7.31 | Книги | ||
| Не е изгубен | Universal Decimal Classification | Не е повреден | заемане за дома | 942180 | Регионална библиотека "Любен Каравелов" Русе | Регионална библиотека "Любен Каравелов" Русе | Детски отдел | 2024-04-09 | Детски отдел | 14.30 | 120000901208 | 821-93/Б 39 Р | 120000901208 | 7.31 | Книги | ||
| Не е изгубен | Universal Decimal Classification | Не е повреден | заемане за дома | 942181 | Регионална библиотека "Любен Каравелов" Русе | Регионална библиотека "Любен Каравелов" Русе | Детски отдел | 2024-04-09 | Детски отдел | 14.30 | 120000901209 | 821-93/Б 39 Р | 120000901209 | 7.31 | Книги | ||
| Не е изгубен | Universal Decimal Classification | Не е повреден | ползва се в читалня | 944633 | Регионална библиотека "Любен Каравелов" Русе | Регионална библиотека "Любен Каравелов" Русе | Хранилище | 2024-07-01 | Хранилище | 22.00 | 120000909857 | Цб ІІ 32832 | 120000909857 | 11.25 | Книги | само за читалня |